Normal view
MARC view
- AbudayehK ،Sead
Entry Personal Name
001 - CONTROL NUMBER
- control field: 50207
003 - CONTROL NUMBER IDENTIFIER
- control field: JO-AjAnu
005 - DATE AND TIME OF LATEST TRANSACTION
- control field: 20230606082252.0
008 - FIXED-LENGTH DATA ELEMENTS
- fixed length control field: 230606|| aca||aabn | a|a d
040 ## - CATALOGING SOURCE
- Original cataloging agency: JO-AjAnu
- Transcribing agency: JO-AjAnu
100 ## - HEADING--PERSONAL NAME
- Personal name: AbudayehK ،Sead
670 ## - SOURCE DATA FOUND
- Source citation: Work cat.: (JO-AjAnu)25670: AbudayehK ،Sead, author, مظاهر التعاون وتبادل خبرة الاصلاح(بولندا-الاردن-الإتحاد الأوروبي) = Poland -Jordan -Euroean Union Aspects of cooperation and mutual experiences of reforms